[Event "RUS-chT Rapid (Women)"]
[Site "Sochi"]
[Date "2023.10.18"]
[Round "1.17"]
[White "Zakurdjaeva, Irina"]
[Black "Afonasieva, Anna"]
[Result "1/2-1/2"]
[WhiteElo "2175"]
[BlackElo "2132"]
[PlyCount "257"]
[EventDate "2023.10.18"]
[EventType "team-swiss (rapid)"]
[EventRounds "9"]
[EventCountry "RUS"]
[SourceTitle "Mega2024 Update 01"]
[Source "Chessbase"]
[SourceDate "2023.11.12"]
[SourceVersion "1"]
[SourceVersionDate "2023.11.12"]
[SourceQuality "1"]
[WhiteTeam "Moscow Botvinnik School (W)"]
[BlackTeam "Krym Kimmeriya (W)"]
[WhiteTeamCountry "RUS"]
[BlackTeamCountry "RUS"]

1. e4 g6 2. d4 Bg7 3. Nc3 d6 4. Be3 c6 5. Qd2 b5 6. f3 Nd7 7. h4 h5 8. Nh3 Nb6 9. Ng5 Qc7 10. a3 Nf6 11. 0-0-0 a5 12. Bd3 b4 13. axb4 axb4 14. Nb1 c5 15. e5 Nfd5 16. exd6 exd6 17. Bb5+ Kf8 18. Rhe1 Nxe3 19. Qxe3 Bf6 20. Qf4 Bf5 21. dxc5 Qxc5 22. Qxd6+ Be7 23. Qxc5 Bxc5 24. Re2 Kg7 25. Ne4 Be7 26. g3 Be6 27. Ng5 Bxg5+ 28. hxg5 Ra1 29. b3 Nd5 30. Kb2 Ra5 31. Ba4 Rc8 32. Rd4 Nc3 33. Nxc3 bxc3+ 34. Ka3 Rxg5 35. Rg2 Re5 36. Kb4 Re3 37. f4 Bf5 38. Bb5 Rb8 39. Kc5 Re1 40. Bd3 Rc8+ 41. Kb4 Rd1 42. Rc4 Rd2 43. Rg1 Rxc4+ 44. Kxc4 Bxd3+ 45. Kxc3 Rxc2+ 46. Kxd3 Rc8 47. b4 f6 48. b5 g5 49. fxg5 fxg5 50. Kd4 Kf6 51. b6 Kf5 52. Kd5 Kg4 53. b7 Rh8 54. Kc6 Kf3 55. Rb1 Kxg3 56. b8Q+ Rxb8 57. Rxb8 Kf3 58. Kd5 g4 59. Rb3+ Kf4 60. Rb4+ Kf3 61. Ke5 g3 62. Rb3+ Kf2 63. Kf4 g2 64. Rb2+ Kf1 65. Kf3 g1N+ 66. Kg3 Ne2+ 67. Kh4 Kf2 68. Kxh5 Ke3 69. Kg4 Nd4 70. Rb8 Kd3 71. Kf4 Ne2+ 72. Ke5 Nc3 73. Rh8 Kc4 74. Rd8 Kb4 75. Rc8 Nb5 76. Kd5 Nc3+ 77. Kd4 Nb5+ 78. Kd3 Nd6 79. Rc6 Nb5 80. Rc4+ Ka5 81. Rc1 Kb6 82. Rc2 Nd6 83. Kd4 Nb5+ 84. Kd5 Nc7+ 85. Kd6 Nb5+ 86. Kd7 Nd4 87. Rc4 Nb5 88. Ke6 Nc7+ 89. Kd6 Nb5+ 90. Kd7 Na3 91. Rc3 Nb5 92. Rc6+ Ka5 93. Rc8 Kb4 94. Ke6 Nc3 95. Ke5 Nb5 96. Kd5 Nc3+ 97. Kd4 Nb5+ 98. Kd3 Nd6 99. Rc7 Nb5 100. Rc4+ Ka5 101. Rc5 Kb4 102. Rc4+ Ka5 103. Rh4 Kb6 104. Kc4 Nd6+ 105. Kd5 Nb5 106. Rb4 Ka5 107. Kc5 Nc3 108. Rb3 Na4+ 109. Kc6 Ka6 110. Rb4 Ka5 111. Rb5+ Ka6 112. Rb8 Ka5 113. Rb3 Ka6 114. Rb5 Nc3 115. Rb8 Ka5 116. Rb3 Na4 117. Rb5+ Ka6 118. Rb1 Ka5 119. Rb8 Nc3 120. Rb3 Na4 121. Rb8 Nc3 122. Rb2 Na4 123. Rb3 Ka6 124. Rb5 Nc3 125. Rb4 Ka5 126. Rc4 Na4 127. Rh4 Nb2 128. Rh2 Na4 129. Rh4 1/2-1/2

[Event "RUS-chT Blitz (Women)"]
[Site "Sochi"]
[Date "2023.10.17"]
[Round "13.10"]
[White "Afonasieva, Anna"]
[Black "Chistova, Ekaterina"]
[Result "1-0"]
[WhiteElo "2132"]
[BlackElo "1223"]
[PlyCount "84"]
[EventDate "2023.10.17"]
[EventType "team-tourn (blitz)"]
[EventRounds "13"]
[EventCountry "RUS"]
[SourceTitle "Mega2024 Update 01"]
[Source "Chessbase"]
[SourceDate "2023.11.12"]
[SourceVersion "1"]
[SourceVersionDate "2023.11.12"]
[SourceQuality "1"]
[WhiteTeam "Krym Kimmeriya (W)"]
[BlackTeam "Moscow Botvinnik School (W) II"]
[WhiteTeamCountry "RUS"]
[BlackTeamCountry "RUS"]

1. d4 d5 2. Bf4 e6 3. e3 Be7 4. Nf3 c6 5. c3 f5 6. h3 Nf6 7. Nbd2 0-0 8. Bd3 Nbd7 9. 0-0 Ne4 10. Ne5 Nxe5 11. Bxe5 Bd6 12. Qe2 Bxe5 13. dxe5 Qc7 14. Nf3 c5 15. c4 b6 16. Rac1 Qb7 17. Rfd1 a5 18. Nd2 a4 19. f3 Nxd2 20. Qxd2 a3 21. b3 Qc7 22. f4 Kf7 23. b4 Qa7 24. Qc2 cxb4 25. cxd5 exd5 26. Bxf5 Bxf5 27. Qxf5+ Kg8 28. Qe6+ Kh8 29. Qxd5 b5 30. Rd4 Qa5 31. Qb3 Rac8 32. Rxc8 Rxc8 33. Rxb4 h6 34. e6 Re8 35. f5 Qa7 36. Rxb5 Qc7 37. Qxa3 Qc6 38. Qb2 Qc4 39. Rb7 Rg8 40. e7 Qe4 41. Qb3 h5 42. Rb8 Qxe7 1-0

[Event "RUS-chT Blitz (Women)"]
[Site "Sochi"]
[Date "2023.10.17"]
[Round "7.6"]
[White "Dunaevskaya, Alisa"]
[Black "Afonasieva, Anna"]
[Result "0-1"]
[WhiteElo "1483"]
[BlackElo "2132"]
[PlyCount "57"]
[EventDate "2023.10.17"]
[EventType "team-tourn (blitz)"]
[EventRounds "13"]
[EventCountry "RUS"]
[SourceTitle "Mega2024 Update 01"]
[Source "Chessbase"]
[SourceDate "2023.11.12"]
[SourceVersion "1"]
[SourceVersionDate "2023.11.12"]
[SourceQuality "1"]
[WhiteTeam "Krasnodar Etyud Saavedry (W)"]
[BlackTeam "Krym Kimmeriya (W)"]
[WhiteTeamCountry "RUS"]
[BlackTeamCountry "RUS"]

1. d4 g6 2. c4 Bg7 3. Nf3 d6 4. Nc3 Nf6 5. g3 0-0 6. Bg2 c6 7. 0-0 Bf5 8. Nh4 Be6 9. b3 d5 10. c5 b6 11. Na4 Ne4 12. cxb6 axb6 13. Nf3 Bf5 14. Bf4 b5 15. Nb2 Nd7 16. Nd3 c5 17. Nde5 c4 18. Nh4 Be6 19. Nxd7 Qxd7 20. Nf3 Ra3 21. bxc4 bxc4 22. Ne5 Qa4 23. Bc1 Qxd1 24. Rxd1 Ra4 25. e3 Rfa8 26. Nc6 Bf6 27. Bxe4 dxe4 28. d5 Bxa1 29. Nxe7+ 0-1

[Event "RUS-ch Rapid (Women)"]
[Site "Sochi"]
[Date "2023.10.16"]
[Round "11"]
[White "Afonasieva, Anna"]
[Black "Bodnaruk, Anastasia"]
[Result "1/2-1/2"]
[WhiteElo "2132"]
[BlackElo "2340"]
[PlyCount "23"]
[EventDate "2023.10.15"]
[EventType "swiss (rapid)"]
[EventRounds "11"]
[EventCountry "RUS"]
[SourceTitle "Mega2024 Update 01"]
[Source "Chessbase"]
[SourceDate "2023.11.12"]
[SourceVersion "1"]
[SourceVersionDate "2023.11.12"]
[SourceQuality "1"]

1. d4 d6 2. Nf3 g6 3. g3 Bg7 4. Bg2 Nf6 5. 0-0 0-0 6. c4 Nc6 7. Nc3 e5 8. dxe5 dxe5 9. Qxd8 Rxd8 10. Bg5 Be6 11. b3 h6 12. Nb1 1/2-1/2

[Event "RUS-ch Rapid (Women)"]
[Site "Sochi"]
[Date "2023.10.15"]
[Round "5"]
[White "Afonasieva, Anna"]
[Black "Vlasova, Olesia"]
[Result "1-0"]
[WhiteElo "2132"]
[BlackElo "1850"]
[PlyCount "85"]
[EventDate "2023.10.15"]
[EventType "swiss (rapid)"]
[EventRounds "11"]
[EventCountry "RUS"]
[SourceTitle "Mega2024 Update 01"]
[Source "Chessbase"]
[SourceDate "2023.11.12"]
[SourceVersion "1"]
[SourceVersionDate "2023.11.12"]
[SourceQuality "1"]

1. d4 d5 2. Bf4 Nf6 3. e3 c6 4. c4 Bf5 5. Nc3 e6 6. Qb3 Qb6 7. c5 Qxb3 8. axb3 Be7 9. b4 0-0 10. b5 a5 11. b6 Nbd7 12. Nf3 Ne4 13. Nxe4 Bxe4 14. Be2 f6 15. 0-0 Bxf3 16. Bxf3 e5 17. Bg3 f5 18. h3 f4 19. Bh2 exd4 20. exd4 g5 21. Ra4 Bxc5 22. dxc5 Nxc5 23. Ra3 a4 24. g3 Nd7 25. gxf4 gxf4 26. Be2 Rf6 27. b3 Nxb6 28. bxa4 Rxa4 29. Rb3 Ra2 30. Re1 Nd7 31. Rxb7 Nc5 32. Rc7 Re6 33. Kf1 Ra4 34. Bh5 Rxe1+ 35. Kxe1 Ne4 36. Bf7+ Kf8 37. Bxf4 Ra1+ 38. Ke2 Ra2+ 39. Ke3 Ra3+ 40. Kd4 Rxh3 41. Ke5 Nxf2 42. Ke6 Nd3 43. Rc8+ 1-0

[Event "RUS-ch Blitz (Women)"]
[Site "Sochi"]
[Date "2023.10.14"]
[Round "11"]
[White "Badelka, Olga"]
[Black "Afonasieva, Anna"]
[Result "0-1"]
[WhiteElo "2386"]
[BlackElo "2132"]
[PlyCount "106"]
[EventDate "2023.10.14"]
[EventType "swiss (blitz)"]
[EventRounds "13"]
[EventCountry "RUS"]
[SourceTitle "Mega2024 Update 01"]
[Source "Chessbase"]
[SourceDate "2023.11.12"]
[SourceVersion "1"]
[SourceVersionDate "2023.11.12"]
[SourceQuality "1"]

1. Nf3 g6 2. d4 Bg7 3. c4 d6 4. Nc3 Nf6 5. e4 0-0 6. Be2 Nbd7 7. 0-0 e5 8. Re1 Re8 9. d5 a5 10. Rb1 Nc5 11. Nd2 c6 12. b3 cxd5 13. cxd5 Bd7 14. Ba3 Rc8 15. Bf1 Qb6 16. Nc4 Qc7 17. b4 axb4 18. Bxb4 Ra8 19. a3 b5 20. Nd2 Reb8 21. Rc1 Qa7 22. Nb3 Na4 23. Bxd6 Re8 24. Nxa4 bxa4 25. Nc5 Bg4 26. f3 Bd7 27. Kh1 Qb6 28. Nxd7 Qxd6 29. Nxf6+ Qxf6 30. Bb5 Red8 31. Bc6 Rab8 32. Qxa4 Rb2 33. Rc2 Rdb8 34. Rxb2 Rxb2 35. Qa5 Qg5 36. Rg1 Bf8 37. Qc3 Ra2 38. Bb5 Rxa3 39. Qc2 Qe3 40. Rd1 Qb6 41. Be8 Bd6 42. h3 Qa7 43. Bb5 Ra2 44. Qb3 Qf2 45. Bf1 Kg7 46. Kh2 Bc5 47. Qb8 Qg1+ 48. Kg3 Bf2+ 49. Kg4 h5+ 50. Kg5 Be3+ 51. Kh4 Qf2+ 52. g3 Bg5+ 53. Kxg5 Qxg3# 0-1

[Event "St Petersburg Korchnoi Memorial op"]
[Site "St Petersburg"]
[Date "2023.08.22"]
[Round "7"]
[White "Afonasieva, Anna"]
[Black "Komissarova, Soigina"]
[Result "1-0"]
[WhiteElo "2153"]
[BlackElo "1770"]
[PlyCount "141"]
[EventDate "2023.08.18"]
[EventType "swiss"]
[EventRounds "9"]
[EventCountry "RUS"]
[SourceTitle "EXT 2024"]
[Source "ChessBase"]
[SourceDate "2023.10.10"]
[SourceVersion "1"]
[SourceVersionDate "2023.10.10"]
[SourceQuality "1"]

1. d4 d5 2. Bf4 Nf6 3. e3 c5 4. c3 Nc6 5. Nd2 Bf5 6. Ngf3 Qb6 7. Qb3 c4 8. Qxb6 axb6 9. a3 h6 10. h3 b5 11. Rc1 e6 12. Be2 Be7 13. 0-0 0-0 14. Ne5 Nxe5 15. Bxe5 Nd7 16. Bd1 Nxe5 17. dxe5 f6 18. exf6 gxf6 19. Re1 Bd3 20. Bc2 Bxc2 21. Rxc2 Rfd8 22. Nf3 e5 23. Rd2 Kf7 24. g4 Ke6 25. Red1 h5 26. Nh4 hxg4 27. hxg4 Rg8 28. f3 Rad8 29. Nf5 Bc5 30. Kg2 e4 31. Nd4+ Bxd4 32. Rxd4 f5 33. Kf2 fxg4 34. fxe4 Rdf8+ 35. Kg2 g3 36. exd5+ Kd6 37. R1d2 Rf5 38. e4 Rh5 39. Kf3 Rf8+ 40. Kg2 Rg8 41. Kg1 Rgh8 42. Kg2 Rg8 43. Kf3 Rf8+ 44. Kg4 Re5 45. Rg2 Rg8+ 46. Kf3 Reg5 47. a4 Rf8+ 48. Ke3 bxa4 49. Rxc4 Rf1 50. Rxa4 Ke5 51. Rd4 Re1+ 52. Kf3 Rf1+ 53. Ke2 Rb1 54. d6 Rg8 55. Rd2 Rh1 56. d7 Rh2 57. Kf3 Rhh8 58. Rxg3 Rd8 59. Rd5+ Ke6 60. Ke3 Rh6 61. Rg7 Rh2 62. Rg6+ Ke7 63. Rb6 Rxd7 64. Rxd7+ Kxd7 65. Rxb7+ Kc6 66. Rb8 Kc5 67. b4+ Kc4 68. Rc8+ Kb5 69. Kd4 Rd2+ 70. Ke5 Rd7 71. Ke6 1-0

[Event "St Petersburg Korchnoi Memorial op"]
[Site "St Petersburg"]
[Date "2023.08.21"]
[Round "5"]
[White "Afonasieva, Anna"]
[Black "Efimov, Leonid"]
[Result "0-1"]
[WhiteElo "2153"]
[BlackElo "1993"]
[PlyCount "72"]
[EventDate "2023.08.18"]
[EventType "swiss"]
[EventRounds "9"]
[EventCountry "RUS"]
[SourceTitle "EXT 2024"]
[Source "ChessBase"]
[SourceDate "2023.10.10"]
[SourceVersion "1"]
[SourceVersionDate "2023.10.10"]
[SourceQuality "1"]

1. g3 d5 2. Bg2 c6 3. d3 Nf6 4. Nf3 Bg4 5. Nbd2 Nbd7 6. 0-0 e5 7. e4 Bd6 8. h3 Bh5 9. exd5 cxd5 10. Re1 0-0 11. g4 Bg6 12. a4 Rc8 13. Nf1 Bb8 14. Nh4 Nc5 15. Nxg6 hxg6 16. Bd2 Ne6 17. c3 Re8 18. Qb3 Nc5 19. Qc2 a5 20. Ng3 Qd7 21. b3 Ne6 22. Qb2 g5 23. c4 Nf4 24. Bxf4 gxf4 25. Nf5 e4 26. dxe4 dxe4 27. Rxe4 Rxe4 28. Bxe4 Re8 29. Bd5 Be5 30. Qb1 Nxd5 31. cxd5 g6 32. Nh6+ Kg7 33. g5 Qxh3 34. Qf1 Qh4 35. f3 Qxg5+ 36. Ng4 f5 0-1

[Event "St Petersburg Korchnoi Memorial op"]
[Site "St Petersburg"]
[Date "2023.08.21"]
[Round "6"]
[White "Volchkova, Alena"]
[Black "Afonasieva, Anna"]
[Result "1-0"]
[WhiteElo "1890"]
[BlackElo "2153"]
[PlyCount "63"]
[EventDate "2023.08.18"]
[EventType "swiss"]
[EventRounds "9"]
[EventCountry "RUS"]
[SourceTitle "EXT 2024"]
[Source "ChessBase"]
[SourceDate "2023.10.10"]
[SourceVersion "1"]
[SourceVersionDate "2023.10.10"]
[SourceQuality "1"]

1. e4 g6 2. d4 Bg7 3. Nc3 d6 4. Nf3 Nf6 5. Be3 0-0 6. Qd2 Ng4 7. Bg5 h6 8. h3 hxg5 9. hxg4 e5 10. Bc4 exd4 11. Nxd4 Nc6 12. Nxc6 bxc6 13. 0-0-0 Bxg4 14. Rdf1 Be5 15. f4 gxf4 16. g3 Qf6 17. gxf4 Bxc3 18. bxc3 Rfe8 19. f5 gxf5 20. Rh6 Qg7 21. exf5 Bxf5 22. Rxf5 Re1+ 23. Kb2 Rb8+ 24. Ka3 Re5 25. Rhh5 Rxf5 26. Rxf5 d5 27. Rg5 dxc4 28. Rxg7+ Kxg7 29. Qd4+ f6 30. Qxc4 Kg6 31. Qxc6 Rb6 32. Qxc7 1-0

[Event "St Petersburg Korchnoi Memorial op"]
[Site "St Petersburg"]
[Date "2023.08.19"]
[Round "3"]
[White "Afonasieva, Anna"]
[Black "Zakhartsov, Vladimir"]
[Result "1-0"]
[WhiteElo "2153"]
[BlackElo "2525"]
[PlyCount "123"]
[EventDate "2023.08.18"]
[EventType "swiss"]
[EventRounds "9"]
[EventCountry "RUS"]
[SourceTitle "EXT 2024"]
[Source "ChessBase"]
[SourceDate "2023.10.10"]
[SourceVersion "1"]
[SourceVersionDate "2023.10.10"]
[SourceQuality "1"]

1. d4 Nf6 2. Nf3 d5 3. g3 c5 4. Bg2 cxd4 5. 0-0 h6 6. Nxd4 e5 7. Nb3 Nc6 8. Nc3 Be6 9. f4 e4 10. Kh1 Be7 11. Be3 Ng4 12. Bg1 f5 13. Nd4 Bc8 14. Qe1 Bf6 15. Nxc6 bxc6 16. h3 h5 17. hxg4 hxg4+ 18. Bh2 Ba6 19. Qd2 Kf7 20. Rfd1 Rh6 21. e3 Rb8 22. Bf1 Bxf1 23. Rxf1 Rxb2 24. Ne2 Qb6 25. a4 Qc5 26. Rac1 Qc4 27. Kg2 Qxa4 28. Bg1 Qc4 29. Rfe1 Kg6 30. Bf2 Ra2 31. Nd4 c5 32. Nc6 d4 33. Ne5+ Bxe5 34. fxe5 d3 35. cxd3 Qb3 36. Rb1 Qd5 37. Rb2 exd3+ 38. e4 fxe4 39. Be3 Rxb2 40. Qxb2 Rh5 41. Rf1 Qxe5 42. Qb7 Rf5 43. Rh1 Qe6 44. Qxa7 Qb3 45. Bxc5 e3 46. Bxe3 Qc2+ 47. Bf2 Qc6+ 48. Kg1 Rb5 49. Qe3 Qd7 50. Qe4+ Kf7 51. Qc4+ Kg6 52. Qe4+ Kf7 53. Qc4+ Kg6 54. Rh4 Rb1+ 55. Kh2 d2 56. Rxg4+ Kh5 57. Rh4+ Kg6 58. Qc2+ Kf7 59. Rf4+ Ke8 60. Qe4+ Kd8 61. Qa8+ Ke7 62. Bc5+ 1-0

[Event "Titled Tuesday intern op 03rd Jan Early"]
[Site "Chess.com INT"]
[Date "2023.01.03"]
[Round "4"]
[White "Mihailidis, Anastasios"]
[Black "Afonasieva, Anna"]
[Result "0-1"]
[WhiteElo "2208"]
[BlackElo "2174"]
[PlyCount "86"]
[EventDate "2023.01.03"]
[EventType "swiss (blitz)"]
[EventRounds "11"]
[EventCountry "USA"]
[SourceTitle "EXT 2024"]
[Source "ChessBase"]
[SourceDate "2023.10.10"]
[SourceVersion "1"]
[SourceVersionDate "2023.10.10"]
[SourceQuality "1"]

1. e4 g6 2. d4 Bg7 3. Nc3 d6 4. Be3 a6 5. Qd2 b5 6. a3 Bb7 7. f3 Nd7 8. Nge2 c5 9. dxc5 Nxc5 10. Bxc5 dxc5 11. 0-0-0 Qxd2+ 12. Kxd2 Bh6+ 13. Ke1 Nf6 14. Kf2 0-0 15. e5 Ne8 16. Rd7 Bc6 17. Rd1 Ng7 18. f4 Ne6 19. Ke3 Rfd8 20. Rg1 b4 21. axb4 cxb4 22. Rxd8+ Rxd8 23. Ne4 Rd1 24. g3 Rd5 25. Bg2 Rxe5 26. Kd2 Bxe4 27. Ke1 Bxg2 28. fxe5 Be4 29. c3 a5 30. cxb4 axb4 31. Rf1 Nc5 32. Nf4 g5 33. Ne2 Nd3+ 34. Kd1 Nxe5 35. Nd4 e6 36. Re1 Bf3+ 37. Nxf3 Nxf3 38. Re4 Nxh2 39. Rxb4 Nf3 40. Kc2 Kf8 41. Rb7 Bg7 42. b4 Nd4+ 43. Kd3 Bf6 0-1

[Event "Cheliabinsk Evenings (Women)"]
[Site "Cheliabinsk"]
[Date "2022.12.05"]
[Round "7"]
[White "Afonasieva, Anna"]
[Black "Charochkina, Daria"]
[Result "0-1"]
[WhiteElo "2147"]
[BlackElo "2344"]
[PlyCount "194"]
[EventDate "2022.11.29"]
[EventType "tourn"]
[EventRounds "9"]
[EventCountry "RUS"]
[EventCategory "1"]
[SourceTitle "CBM 211 Extra"]
[Source "ChessBase"]
[SourceDate "2023.01.31"]
[SourceVersion "1"]
[SourceVersionDate "2023.01.31"]
[SourceQuality "1"]

1. d4 f5 2. h3 Nf6 3. g4 d5 4. Qd3 g6 5. Nf3 Nc6 6. Bf4 fxg4 7. hxg4 Bxg4 8. Nc3 Bf5 9. Qb5 Qd7 10. 0-0-0 0-0-0 11. Ne5 Nxe5 12. Bxe5 Qxb5 13. Nxb5 c6 14. Nc3 h5 15. Bg2 Bh6+ 16. Kb1 Rhg8 17. f3 Nd7 18. Bg3 Be3 19. Bh3 Bxh3 20. Rxh3 Rdf8 21. a3 a6 22. Rd3 Bf4 23. Bxf4 Rxf4 24. Rd1 Nf6 25. e3 Rf5 26. e4 dxe4 27. fxe4 Rf4 28. e5 Ng4 29. Rd2 Rd8 30. d5 Nxe5 31. Re2 Rf5 32. Rhe3 Ng4 33. Rxe7 cxd5 34. Na4 d4 35. Rg7 Re5 36. Rd2 Rd6 37. b4 h4 38. Rg8+ Kc7 39. Rg2 h3 40. Rxg4 h2 41. Rh4 Re1+ 42. Kb2 h1Q 43. Rxh1 Rxh1 44. Rg7+ Kc6 45. Nc5 Rg1 46. Nd3 Re6 47. Kb3 Re2 48. a4 b6 49. b5+ axb5 50. Nb4+ Kd6 51. axb5 Kc5 52. Nd3+ Kxb5 53. Rd7 Rb1+ 54. Ka2 Rg1 55. Kb3 Rg4 56. Rd6 Re3 57. Kb2 g5 58. Rf6 Rg2 59. Kb3 Ka5 60. Rd6 Re4 61. Rd5+ b5 62. Rd6 Rg3 63. Kb2 Rxd3 64. cxd3 Rf4 65. Kb3 g4 66. Rg6 Rf3 67. Rxg4 Rxd3+ 68. Kc2 Rc3+ 69. Kb2 Rc4 70. Rg8 Kb4 71. Rd8 Kc5 72. Rd7 Rc3 73. Rd8 Kc4 74. Rc8+ Kd3 75. Rh8 Rc5 76. Rh3+ Kc4 77. Rh8 Re5 78. Rc8+ Kb4 79. Rd8 Re2+ 80. Kc1 Kc3 81. Rc8+ Kd3 82. Rb8 Kc4 83. Rc8+ Kb3 84. Rd8 Rc2+ 85. Kd1 Rc4 86. Kd2 b4 87. Kd3 Rc1 88. Kd2 Kb2 89. Rxd4 b3 90. Rd8 Kb1 91. Rd7 b2 92. Rd8 Rh1 93. Rd7 Rh2+ 94. Kd1 Rh4 95. Kd2 Ra4 96. Rb7 Ra8 97. Kc3 Ka1 0-1

[Event "Titled Tuesday intern op 04th Oct Early"]
[Site "Chess.com INT"]
[Date "2022.10.04"]
[Round "6"]
[White "Afonasieva, Anna"]
[Black "Malyi, Viacheslav"]
[Result "0-1"]
[WhiteElo "2147"]
[BlackElo "2391"]
[PlyCount "56"]
[EventDate "2022.10.04"]
[EventType "swiss (blitz)"]
[EventRounds "11"]
[EventCountry "USA"]
[SourceTitle "EXT 2023"]
[Source "ChessBase"]
[SourceDate "2022.10.05"]
[SourceVersion "1"]
[SourceVersionDate "2022.10.05"]
[SourceQuality "1"]

1. d4 Nf6 2. Nf3 e6 3. g3 d5 4. Bg2 Be7 5. 0-0 0-0 6. c4 dxc4 7. Ne5 Nc6 8. Bxc6 bxc6 9. Nxc6 Qe8 10. Nxe7+ Qxe7 11. Qa4 c5 12. dxc5 Qxc5 13. Be3 Qh5 14. f3 a5 15. Nc3 Bb7 16. Qxc4 Nd5 17. Nxd5 Bxd5 18. Qa4 Qe5 19. Qd4 Qh5 20. a3 a4 21. Rac1 Rfd8 22. Rfd1 h6 23. Bf2 Kh7 24. Rc7 Bxf3 25. Qxd8 Rxd8 26. Rxd8 Bd5 27. e4 Qd1+ 28. Kg2 Bxe4+ 0-1

[Event "Titled Tuesday intern op 04th Oct Early"]
[Site "Chess.com INT"]
[Date "2022.10.04"]
[Round "10"]
[White "Iljin, Timofey"]
[Black "Afonasieva, Anna"]
[Result "1-0"]
[WhiteElo "2335"]
[BlackElo "2147"]
[PlyCount "69"]
[EventDate "2022.10.04"]
[EventType "swiss (blitz)"]
[EventRounds "11"]
[EventCountry "USA"]
[SourceTitle "EXT 2023"]
[Source "ChessBase"]
[SourceDate "2022.10.05"]
[SourceVersion "1"]
[SourceVersionDate "2022.10.05"]
[SourceQuality "1"]

1. e4 g6 2. f4 Bg7 3. Nf3 d6 4. g3 Nf6 5. d3 0-0 6. Bg2 c5 7. 0-0 Nc6 8. Nc3 Rb8 9. Be3 b5 10. e5 Ng4 11. Qe2 Nxe3 12. Qxe3 Bg4 13. exd6 Bd4 14. Nxd4 cxd4 15. Qc1 Qxd6 16. Ne4 Qc7 17. h3 Be6 18. Nc5 Bc8 19. Qd2 Nd8 20. b4 Ne6 21. Nxe6 Bxe6 22. Rfe1 Rbc8 23. Rac1 Bxa2 24. g4 Be6 25. Qf2 Qd7 26. Re5 f6 27. Re4 Bf7 28. Rxd4 Qc7 29. c4 bxc4 30. dxc4 Rfd8 31. c5 Rxd4 32. Qxd4 Rd8 33. Qe3 Bd5 34. Bxd5+ Rxd5 35. Qe6+ 1-0